000 00472nam a2200181Ia 4500
003 GCL
008 140319s9999 xx 000 0 eng d
040 _aGCL /
_cGCL
082 0 4 _a338.4791
_bT G
100 1 _aTHEOBALD, WILLIAM F.
245 1 0 _aGLOBAL TOURISM: THE NEXT DECADE /
_cTHEOBALD, WILLIAM F.
260 _a[S.N] :
_bBUTTERWORTH HEINEMANN ،
_c1994
300 _a406 P
650 0 4 _aTRADE
650 0 4 _aTOURIST TRADE
650 0 4 _aTOURISM
942 _2ddc
_cBK
999 _c23792
_d23792